|
|
|
|
| LEADER |
00000nam0a2200000 4500 |
| 001 |
361210 |
| 005 |
20231102011351.0 |
| 035 |
|
|
|a (RuTPU)RU\TPU\retro\18536
|
| 090 |
|
|
|a 361210
|
| 100 |
|
|
|a 20210531d1974 km y0rusy50 ca
|
| 101 |
0 |
|
|a rus
|
| 102 |
|
|
|a UA
|
| 105 |
|
|
|a a z 001zy
|
| 200 |
1 |
|
|a Современный кислородно-конвертерный процесс
|f И. И. Борнацкий, В. И. Баптизманский, Е. И. Исаев [и др.]
|
| 210 |
|
|
|a Киев
|c Технiка
|d 1974
|
| 215 |
|
|
|a 264 с.
|c ил.
|
| 320 |
|
|
|a Библиогр.: с. 252-261
|
| 606 |
1 |
|
|a Конвертеры кислородные
|2 stltpush
|3 (RuTPU)RU\TPU\subj\15276
|9 41531
|
| 610 |
1 |
|
|a кислородно-конверторные процессы
|
| 610 |
1 |
|
|a кислород
|
| 610 |
1 |
|
|a струи
|
| 610 |
1 |
|
|a распространение
|
| 610 |
1 |
|
|a конвертерные ванны
|
| 610 |
1 |
|
|a перенос
|
| 610 |
1 |
|
|a шлакообразование
|
| 610 |
1 |
|
|a шихтовые материалы
|
| 610 |
1 |
|
|a кислородно-конвертерная сталь
|
| 610 |
1 |
|
|a десульфурация
|
| 610 |
1 |
|
|a легированный чугун
|
| 610 |
1 |
|
|a конвертерный передел
|
| 610 |
1 |
|
|a футеровка
|
| 610 |
1 |
|
|a кислородно-конверторная плавка
|
| 675 |
|
|
|a 669.184.1
|v 4
|
| 701 |
|
1 |
|a Борнацкий
|b И. И.
|g Иван Иванович
|
| 701 |
|
1 |
|a Баптизманский
|b В. И.
|g Вадим Ипполитович
|
| 701 |
|
1 |
|a Исаев
|b Е. И.
|g Евгений Ильич
|
| 701 |
|
1 |
|a Каплун
|b П. Р.
|g Петр Романович
|
| 701 |
|
1 |
|a Левин
|b С. Л.
|g Семен Лазаревич
|
| 701 |
|
1 |
|a Маринин
|b А. В.
|g Алексей Васильевич
|
| 801 |
|
1 |
|a RU
|b 63413507
|c 20210531
|
| 801 |
|
2 |
|a RU
|b 63413507
|c 20210917
|g RCR
|
| 942 |
|
|
|c BK
|